[Event "Top Loire 2013-2014"]
[Site "Loire"]
[Date "2014.03.29"]
[Round "7.6"]
[White "Bastien, Daniel"]
[Black "Garon, Pierre"]
[Result "0-1"]
[WhiteElo "1630"]
[BlackElo "1890"]
[PlyCount "86"]
[EventDate "2014.??.??"]

1. c4 e5 2. Nc3 Nf6 3. e4 Nc6 4. a3 g6 5. d3 Bg7 6. Be2 O-O 7. Nf3 d6 8. Bd2 h6
9. O-O Kh7 10. Rb1 Nh5 11. Ne1 Nf4 12. Be3 Nd4 13. Bxf4 exf4 14. Nd5 Ne6 15.
Bg4 c6 16. Nb4 h5 17. Bxe6 fxe6 18. Nbc2 d5 19. b3 d4 20. b4 e5 21. a4 Bg4 22.
f3 Be6 23. b5 c5 24. Na1 g5 25. Nb3 Qe7 26. Rb2 g4 27. Qd2 Rf6 28. a5 Rg8 29.
Nc1 Rg6 30. Kh1 Bh6 31. Qc2 Bg5 32. Ne2 Bh4 33. g3 fxg3 34. hxg3 gxf3 35. Nxf3
Bf6 36. Rf2 Rh6 37. Rb1 Bg4 38. Rg1 h4 39. Nh2 hxg3 40. Nxg3 Qg7 41. Qc1 Bg5
42. Qf1 Bf4 43. Nf5 Bf3+ 0-1

[Event "Top Loire 2013-2014"]
[Site "Loire"]
[Date "2014.03.29"]
[Round "7.7"]
[White "Pareux, Marc"]
[Black "Walter, Alain"]
[Result "1/2-1/2"]
[WhiteElo "1630"]
[BlackElo "1680"]
[PlyCount "63"]
[EventDate "2014.??.??"]

1. d4 Nf6 2. g3 d5 3. Bg2 c6 4. Nf3 e6 5. Nc3 Bd6 6. O-O h6 7. Qd3 O-O 8. e4
dxe4 9. Nxe4 Nxe4 10. Qxe4 Nd7 11. c4 Nf6 12. Qc2 Bd7 13. Ne5 Qc7 14. f4 Rad8
15. Qe2 Rfe8 16. Be3 Nh7 17. c5 Bf8 18. g4 f6 19. Ng6 e5 20. fxe5 fxe5 21. Nxf8
Nxf8 22. d5 cxd5 23. Bxd5+ Kh8 24. Rf7 Ng6 25. Qc2 Nf4 26. Bxf4 exf4 27. Qc3
Qe5 28. Rf8+ Kh7 29. Bg8+ Kg6 30. Qxe5 Rxe5 31. Rxd8 Bxg4 32. b4 1/2-1/2

[Event "Top Loire 2013-2014"]
[Site "Loire"]
[Date "2014.03.29"]
[Round "7.8"]
[White "Aumont-Mathieu, Georges"]
[Black "Carteron, Olivier"]
[Result "1-0"]
[WhiteElo "1645"]
[BlackElo "1670"]
[PlyCount "37"]
[EventDate "2014.??.??"]

1. e4 e6 2. d4 d5 3. Nd2 c5 4. Ngf3 cxd4 5. Nxd4 a6 6. Bd3 Nc6 7. c3 Nf6 8.
Nxc6 bxc6 9. e5 Nd7 10. Qe2 Qg5 11. Nf3 Qh5 12. h3 f5 13. Bf4 Nc5 14. O-O-O a5
15. Bc2 Ne4 16. g4 Qf7 17. gxf5 exf5 18. Ba4 Qe6 19. Nd4 1-0

[Event "Top Loire 2013-2014"]
[Site "Loire"]
[Date "2014.03.29"]
[Round "7.9"]
[White "Libiszewski, Christian"]
[Black "Cursoux, Gerard"]
[Result "0-1"]
[WhiteElo "1560"]
[BlackElo "1880"]
[PlyCount "74"]
[EventDate "2014.??.??"]

1. e4 c5 2. Nf3 a6 3. c3 d5 4. exd5 Qxd5 5. d4 Nf6 6. Be2 cxd4 7. Qxd4 Nc6 8.
Qxd5 Nxd5 9. O-O e6 10. Re1 Be7 11. Nbd2 O-O 12. Nf1 Bd7 13. Bc4 Bf6 14. Bxd5
exd5 15. Bg5 Bxg5 16. Nxg5 Rfe8 17. Nf3 Bg4 18. N1d2 Re6 19. Rxe6 Bxe6 20. Nb3
Kf8 21. Nbd4 Nxd4 22. Nxd4 Ke7 23. Kf1 Kd6 24. Ke2 Bd7 25. Kd2 b5 26. Re1 a5
27. Nf3 f6 28. Kd3 b4 29. Kd4 Rb8 30. Nd2 bxc3 31. Kxc3 Rc8+ 32. Kb3 a4+ 33.
Ka3 Rc2 34. Nb1 Rxf2 35. Nc3 Rxg2 36. Nxa4 Bxa4 37. Kxa4 Rxb2 0-1

[Event "Top Loire 2013-2014"]
[Site "Loire"]
[Date "2014.04.12"]
[Round "8.1"]
[White "Tchalimian, Pascal"]
[Black "Muller, Anthony"]
[Result "0-1"]
[WhiteElo "1915"]
[BlackElo "2118"]
[PlyCount "96"]
[EventDate "2014.??.??"]

1. e4 e6 2. d4 d5 3. Nc3 Nf6 4. Bg5 Bb4 5. e5 h6 6. exf6 hxg5 7. fxg7 Rg8 8.
Nf3 Qf6 9. a3 Bd6 10. Nb5 Nc6 11. Nxd6+ cxd6 12. h3 Bd7 13. Qd2 Qxg7 14. O-O-O
a6 15. Be2 Ne7 16. Qa5 b5 17. Qc7 Nc8 18. Rhe1 Ke7 19. Kb1 Na7 20. Qa5 Nc6 21.
Qd2 Rab8 22. Bf1 a5 23. Re3 b4 24. a4 Kd8 25. Bb5 Ne7 26. Bxd7 Kxd7 27. Qd3
Rgc8 28. Qa6 Qg6 29. Red3 Nc6 30. R3d2 b3 31. Qd3 Qxd3 32. cxd3 Rb4 33. Rc1
Nxd4 34. Nxd4 Rxc1+ 35. Kxc1 Rxd4 36. Rd1 Rxa4 37. Kd2 d4 38. Ke2 Ra2 39. Rb1
e5 40. g3 a4 41. Kf3 f5 42. Kg2 e4 43. Kf1 Ke6 44. Ke1 g4 45. h4 Ke5 46. Kf1 e3
47. f4+ gxf3 48. Ke1 a3 0-1

[Event "Top Loire 2013-2014"]
[Site "Loire"]
[Date "2014.04.10"]
[Round "8.2"]
[White "Furnon, Yannick"]
[Black "Frey, Thierry"]
[Result "1/2-1/2"]
[WhiteElo "1870"]
[BlackElo "1847"]
[PlyCount "43"]
[EventDate "2014.??.??"]

1. d4 Nf6 2. c4 g6 3. Nc3 Bg7 4. e4 O-O 5. Nf3 d6 6. Be2 e5 7. dxe5 dxe5 8.
Qxd8 Rxd8 9. Bg5 Re8 10. Nd5 Nxd5 11. cxd5 c6 12. Bc4 cxd5 13. Bxd5 Nd7 14. O-O
Nb6 15. Bb3 Bd7 16. Be3 Rec8 17. Bxb6 axb6 18. Ng5 Be8 19. Rac1 Rxc1 20. Rxc1
h6 21. Nf3 Bc6 22. Rc4 1/2-1/2

[Event "Top Loire 2013-2014"]
[Site "Loire"]
[Date "2014.04.12"]
[Round "8.3"]
[White "Doran, Niall"]
[Black "Samuel, Christian"]
[Result "1-0"]
[WhiteElo "1706"]
[BlackElo "1857"]
[PlyCount "87"]
[EventDate "2014.??.??"]

1. e4 c5 2. Nf3 d6 3. c3 Nf6 4. Be2 g6 5. O-O Bg7 6. Bb5+ Nbd7 7. Re1 a6 8. Ba4
O-O 9. d4 b5 10. Bc2 Bb7 11. Nbd2 Rc8 12. Nf1 Qc7 13. d5 a5 14. Bg5 Rfe8 15.
Qd2 e6 16. dxe6 Rxe6 17. Ng3 Rce8 18. Bf4 b4 19. Ng5 bxc3 20. bxc3 Ne5 21. Nxe6
Rxe6 22. Rad1 Nc4 23. Qc1 Ne5 24. f3 Ba6 25. Nf1 c4 26. Bxe5 Rxe5 27. Qa3 Rc5
28. Re2 Bh6 29. Ne3 Qa7 30. Kh1 Nh5 31. Nd5 Kg7 32. g4 Nf4 33. Nxf4 Bxf4 34.
Ba4 Qe7 35. Qb2 Be5 36. Qd2 Qf6 37. Kg2 Bxc3 38. Qxd6 Qxd6 39. Rxd6 Be5 40.
Rxa6 c3 41. h3 Bf4 42. Bb3 Bd2 43. Rxd2 cxd2 44. Rd6 1-0

[Event "Top Loire 2013-2014"]
[Site "Loire"]
[Date "2014.04.12"]
[Round "8.4"]
[White "Garon, Pierre"]
[Black "Andre, Gregory"]
[Result "1-0"]
[WhiteElo "1890"]
[BlackElo "1910"]
[PlyCount "95"]
[EventDate "2014.??.??"]

1. d4 Nf6 2. Nf3 e6 3. e3 b6 4. Bd3 Bb7 5. Nbd2 Be7 6. O-O O-O 7. b3 d6 8. Bb2
Nbd7 9. Qe2 Re8 10. e4 Bf8 11. Rad1 e5 12. dxe5 Nxe5 13. Nxe5 dxe5 14. Nc4 Bd6
15. Nxd6 cxd6 16. c4 Qc7 17. Rd2 Qc6 18. f3 Nh5 19. g3 Re6 20. Rfd1 Rg6 21. Kf2
Qd7 22. Qf1 Nf6 23. Ke1 Ne8 24. Bb1 Qc6 25. f4 Qc5 26. f5 Rg4 27. Re2 Qb4+ 28.
Rdd2 Nf6 29. Qf3 Qc5 30. Kf1 Qc6 31. Rd5 Qc7 32. Rd1 Qc6 33. Rde1 Qd7 34. h3
Bxe4 35. Bxe4 Rxe4 36. Rxe4 Nxe4 37. Qxe4 Re8 38. Rd1 g6 39. g4 gxf5 40. gxf5
Kh8 41. Bxe5+ Rxe5 42. Qxe5+ Kg8 43. Rxd6 Qc8 44. Qd5 Qc7 45. Rd8+ Kg7 46. Qd4+
Kh6 47. Rd6+ f6 48. Qxf6+ 1-0

[Event "Top Loire 2013-2014"]
[Site "Loire"]
[Date "2014.04.12"]
[Round "8.5"]
[White "Deville, Olivier"]
[Black "Cursoux, Gerard"]
[Result "1-0"]
[WhiteElo "1933"]
[BlackElo "1880"]
[PlyCount "59"]
[EventDate "2014.??.??"]

1. c4 e5 2. Nc3 Nc6 3. g3 Nf6 4. Nf3 d5 5. cxd5 Nxd5 6. Bg2 Be6 7. O-O Be7 8.
d4 exd4 9. Nxd4 Nxd4 10. Qxd4 Bf6 11. Qa4+ c6 12. Nxd5 Bxd5 13. Rd1 b5 14. Qa6
Qb6 15. Qxb6 axb6 16. Bxd5 cxd5 17. Rxd5 O-O 18. Rxb5 Rfc8 19. Be3 Rc2 20. a4
h6 21. Rxb6 Rxe2 22. a5 Bxb2 23. Ra2 Re1+ 24. Kg2 Be5 25. a6 Rd1 26. Rb7 Ra1
27. Rxa1 Bxa1 28. a7 Be5 29. Bd4 Bd6 30. Bc5 1-0

[Event "Top Loire 2013-2014"]
[Site "Loire"]
[Date "2014.04.12"]
[Round "8.8"]
[White "Carteron, Olivier"]
[Black "Pareux, Marc"]
[Result "1-0"]
[WhiteElo "1670"]
[BlackElo "1630"]
[PlyCount "69"]
[EventDate "2014.??.??"]

1. d4 g6 2. Nf3 Bg7 3. c4 d6 4. Nc3 Nd7 5. g3 e5 6. e4 exd4 7. Nxd4 Ngf6 8. Bg2
O-O 9. O-O Ne5 10. Qe2 Bd7 11. h3 Re8 12. f4 Nc6 13. Nf3 Nh5 14. Kh2 f5 15. Nd2
Nd4 16. Qd3 c6 17. Nf3 Qf6 18. Rd1 Nxf3+ 19. Bxf3 Bf8 20. e5 Qe6 21. exd6 Kh8
22. Na4 b6 23. c5 b5 24. Nc3 Nf6 25. Bd2 Ne4 26. Be3 Bg7 27. Bd4 Rad8 28. Bxg7+
Kxg7 29. Qd4+ Kh6 30. Re1 Bc8 31. Nxe4 fxe4 32. Bg4 Qd5 33. Qxd5 cxd5 34. Bxc8
Rxc8 35. d7 1-0

[Event "Top Loire 2013-2014"]
[Site "Loire"]
[Date "2014.04.12"]
[Round "8.9"]
[White "Libiszewski, Christian"]
[Black "Bastien, Daniel"]
[Result "1-0"]
[WhiteElo "1560"]
[BlackElo "1630"]
[PlyCount "45"]
[EventDate "2014.??.??"]

1. e4 d6 2. d4 g6 3. Be3 Nf6 4. Nc3 Bg7 5. Qd2 Nc6 6. f3 O-O 7. Bh6 Bxh6 8.
Qxh6 Nxd4 9. O-O-O e5 10. h4 Ne6 11. Nge2 Nh5 12. g4 Nhf4 13. Nxf4 Nxf4 14. Ne2
Nxe2+ 15. Bxe2 Qf6 16. h5 Qg7 17. hxg6 Qxh6+ 18. Rxh6 Kg7 19. Rdh1 hxg6 20. g5
Rg8 21. Bc4 Be6 22. Bxe6 fxe6 23. Rh7+ 1-0

[Event "Top Loire 2013-2014"]
[Site "Loire"]
[Date "2014.05.17"]
[Round "9.1"]
[White "Muller, Anthony"]
[Black "Doran, Niall"]
[Result "1-0"]
[WhiteElo "2119"]
[BlackElo "1726"]
[PlyCount "87"]
[EventDate "2014.??.??"]

1. d4 Nf6 2. c4 g6 3. Nc3 Bg7 4. e4 d6 5. Nf3 O-O 6. Be2 e5 7. O-O Nc6 8. d5
Ne7 9. Ne1 Nd7 10. Be3 f5 11. f3 f4 12. Bf2 g5 13. a4 Nf6 14. c5 h5 15. cxd6
cxd6 16. a5 Ng6 17. Nb5 a6 18. Bb6 Qe7 19. Nc7 Rb8 20. Ba7 Qxc7 21. Rc1 Qxa5
22. Bxb8 Qb6+ 23. Kh1 Qd8 24. Qc2 g4 25. Qc7 gxf3 26. Bxf3 Bg4 27. Ba7 Bxf3 28.
gxf3 Qxc7 29. Rxc7 Rf7 30. Rxf7 Kxf7 31. Nd3 Nd7 32. Rc1 Ke7 33. Rc7 b5 34. Nb4
a5 35. Nc6+ Ke8 36. Nxa5 Nh4 37. Rc8+ Kf7 38. Rc3 Bf6 39. Nb7 Be7 40. b4 Ke8
41. Kg1 Kf7 42. Kf2 Ng6 43. Rc6 Bh4+ 44. Ke2 1-0

[Event "Top Loire 2013-2014"]
[Site "Loire"]
[Date "2014.05.17"]
[Round "9.2"]
[White "Deville, Olivier"]
[Black "Furnon, Yannick"]
[Result "1/2-1/2"]
[WhiteElo "1940"]
[BlackElo "1870"]
[PlyCount "36"]
[EventDate "2014.??.??"]

1. c4 Nf6 2. Nf3 c6 3. e3 d5 4. Qc2 Bg4 5. Be2 e6 6. b3 Nbd7 7. Bb2 Be7 8. d3
a6 9. O-O O-O 10. Ne5 Nxe5 11. Bxe5 Bxe2 12. Qxe2 Nd7 13. Bb2 Bf6 14. Nc3 Qa5
15. Rac1 Rac8 16. e4 d4 17. Nd1 Qxa2 18. Qc2 Qa5 1/2-1/2

[Event "Top Loire 2013-2014"]
[Site "Loire"]
[Date "2014.05.17"]
[Round "9.3"]
[White "Frey, Thierry"]
[Black "Tchalimian, Pascal"]
[Result "1/2-1/2"]
[WhiteElo "1837"]
[BlackElo "1925"]
[PlyCount "104"]
[EventDate "2014.??.??"]

1. Nf3 Nf6 2. g3 Nc6 3. Bg2 e5 4. d3 d5 5. O-O Bd6 6. e4 dxe4 7. dxe4 h6 8.
Nbd2 Be6 9. c3 O-O 10. b4 a5 11. b5 Ne7 12. a4 Ng6 13. Qc2 Qe7 14. Bb2 Rfc8 15.
c4 b6 16. Ne1 c6 17. Nd3 cxb5 18. axb5 Nd7 19. f4 Bg4 20. f5 Ngf8 21. Nf3 f6
22. h3 Bh5 23. g4 Bf7 24. Nd2 Nc5 25. Rfd1 Nxd3 26. Qxd3 Bb4 27. Bc3 Bxc3 28.
Qxc3 Bxc4 29. Qe3 Nd7 30. Rac1 Bf7 31. Rc6 Rxc6 32. bxc6 Nc5 33. Bf1 Qd6 34.
Bb5 Be8 35. Rc1 Bf7 36. Nc4 Bxc4 37. Bxc4+ Kf8 38. Bd5 Rb8 39. h4 Na6 40. g5
hxg5 41. hxg5 Nc7 42. gxf6 Qxf6 43. Qa3+ Qe7 44. Qg3 b5 45. Kf2 Rd8 46. Rh1
Qc5+ 47. Kg2 Qc2+ 48. Kg1 Qc1+ 49. Kg2 Qd2+ 50. Kg1 Qc1+ 51. Kg2 Qd2+ 52. Kg1
Qc1+ 1/2-1/2

[Event "Top Loire 2013-2014"]
[Site "Loire"]
[Date "2014.05.17"]
[Round "9.4"]
[White "Samuel, Christian"]
[Black "Garon, Pierre"]
[Result "0-1"]
[WhiteElo "1860"]
[BlackElo "1895"]
[PlyCount "98"]
[EventDate "2014.??.??"]

1. d4 d5 2. Nf3 Nf6 3. c4 e6 4. g3 Be7 5. Bg2 O-O 6. O-O dxc4 7. Ne5 Nc6 8.
Nxc6 bxc6 9. Bxc6 Rb8 10. Nc3 Qd6 11. Bg2 Rd8 12. e3 c5 13. Qe2 Ba6 14. Rd1 Qb6
15. d5 exd5 16. Bxd5 Nxd5 17. Rxd5 Qe6 18. e4 Bb7 19. Rxd8+ Rxd8 20. f3 Rd3 21.
Be3 Qd6 22. Rd1 Bf6 23. Nd5 Rxd1+ 24. Qxd1 Bxd5 25. exd5 Bd4 26. Qe2 Qxd5 27.
Kg2 Qe5 28. Kf2 Kf8 29. f4 Bxe3+ 30. Qxe3 Qxb2+ 31. Kf3 Qd4 32. Ke2 Qxe3+ 33.
Kxe3 Ke7 34. Kd2 Kd6 35. Kc3 Kd5 36. g4 Ke4 37. f5 Kf4 38. h3 h5 39. a4 hxg4
40. hxg4 Kxg4 41. a5 Kxf5 42. Kxc4 g5 43. Kxc5 g4 44. Kc6 g3 45. Kb7 g2 46.
Kxa7 g1=Q+ 47. Kb7 Qb1+ 48. Ka7 Ke6 49. a6 Kd7 0-1

[Event "Top Loire 2013-2014"]
[Site "Loire"]
[Date "2014.05.17"]
[Round "9.5"]
[White "Andre, Gregory"]
[Black "Carteron, Olivier"]
[Result "1-0"]
[WhiteElo "1850"]
[BlackElo "1630"]
[PlyCount "49"]
[EventDate "2014.??.??"]

1. Nf3 d5 2. c4 c6 3. b3 Nf6 4. g3 e6 5. Bg2 Bd6 6. Bb2 O-O 7. O-O Re8 8. e3 e5
9. d3 Bg4 10. Qc2 Qd7 11. Nbd2 Bh3 12. Rad1 Bxg2 13. Kxg2 Qe7 14. Nh4 g6 15. e4
d4 16. Bc1 Nh5 17. Ndf3 Nd7 18. h3 Nf8 19. Nh2 Ne6 20. Qe2 Neg7 21. Ng4 Ne6 22.
Nh6+ Kh8 23. N4f5 Qf8 24. Nxf7+ Qxf7 25. Nxd6 1-0

[Event "Top Loire 2013-2014"]
[Site "Loire"]
[Date "2014.05.17"]
[Round "9.6"]
[White "Buisine, Roman"]
[Black "Aumont-Mathieu, Georges"]
[Result "1/2-1/2"]
[WhiteElo "1697"]
[BlackElo "1668"]
[PlyCount "38"]
[EventDate "2014.??.??"]

1. e4 e5 2. Nf3 Nc6 3. Bb5 Nf6 4. Bxc6 dxc6 5. O-O Be7 6. d3 Qd6 7. Nbd2 Nd7 8.
Nc4 Qe6 9. Ne3 g6 10. Ne1 Nb6 11. a4 Bd7 12. Bd2 Nc8 13. f4 exf4 14. Rxf4 Bg5
15. Rf2 Nd6 16. Nf3 Be7 17. Nd4 Qe5 18. Nxc6 Bxc6 19. Bc3 Qg5 1/2-1/2

[Event "Top Loire 2013-2014"]
[Site "Loire"]
[Date "2014.05.17"]
[Round "9.7"]
[White "Cursoux, Gerard"]
[Black "Pareux, Marc"]
[Result "1/2-1/2"]
[WhiteElo "1800"]
[BlackElo "1610"]
[PlyCount "70"]
[EventDate "2014.??.??"]

1. e4 g6 2. d4 Bg7 3. Nc3 c6 4. Bc4 d6 5. Nge2 Nd7 6. Be3 Ngf6 7. f3 b5 8. Bb3
a5 9. a3 O-O 10. Qd2 Ba6 11. O-O e6 12. Rf2 c5 13. e5 dxe5 14. dxc5 Qc7 15. Ng3
Nxc5 16. Bxc5 Qxc5 17. Nce4 Nxe4 18. Nxe4 Qb6 19. Re1 Rfd8 20. Qg5 Bb7 21. Ref1
Bd5 22. Kh1 a4 23. Bxd5 exd5 24. Nd2 f5 25. c3 Rac8 26. Nb1 d4 27. cxd4 exd4
28. Rd2 Re8 29. Rfd1 Bf6 30. Qg3 Re3 31. h4 Be5 32. Qf2 f4 33. Qf1 Bf6 34. Kg1
d3 35. Kh2 Bxh4 1/2-1/2

[Event "Top Loire 2013-2014"]
[Site "Loire"]
[Date "2014.04.26"]
[Round "9.8"]
[White "Walter, Alain"]
[Black "Bastien, Daniel"]
[Result "1-0"]
[WhiteElo "1660"]
[BlackElo "1550"]
[PlyCount "37"]
[EventDate "2014.??.??"]

1. e4 c5 2. Nf3 Nc6 3. c3 g6 4. d4 cxd4 5. cxd4 Bg7 6. Bc4 e6 7. O-O Nge7 8.
Nc3 Na5 9. Bd3 O-O 10. Bg5 d6 11. Qd2 Re8 12. Rac1 Bd7 13. b4 Nac6 14. Nb5 Qb8
15. Bf4 e5 16. dxe5 dxe5 17. Bh6 Bh8 18. Bc4 a6 19. Nd6 1-0

[Event "Top Loire 2013-2014"]
[Site "Loire"]
[Date "2014.05.17"]
[Round "9.9"]
[White "Rasle, Corentin"]
[Black "Libiszewski, Christian"]
[Result "1-0"]
[WhiteElo "1679"]
[BlackElo "1640"]
[PlyCount "35"]
[EventDate "2014.??.??"]

1. f4 g6 2. e4 d5 3. e5 Bg7 4. Nf3 Bg4 5. h3 Bxf3 6. Qxf3 e6 7. h4 h5 8. d4 Ne7
9. Be3 Nd7 10. Bd3 O-O 11. g4 hxg4 12. Qxg4 Nf5 13. Bxf5 exf5 14. Qg2 c6 15. h5
Re8 16. hxg6 Kf8 17. gxf7 Re7 18. Rh8+ 1-0